000 00309nam a22001337a 4500
008 171014b xxu||||| |||| 00| 0 eng d
020 _a9781429202497
041 _aeng
080 _a330.101.541
100 _a52
101 _aMAK
245 _aMODERN PRINCIPLES: MACROECONOMICS
_cCOWEN, T
942 _2udc
_cBK
999 _c33841
_d33841